| 000 | 00836nam a2200205 a 4500 | ||
|---|---|---|---|
| 003 | AM-YEHGA | ||
| 005 | 20250617164512.0 | ||
| 008 | 091203s1962 ru r 000 0 rus d | ||
| 040 | _aAM-YeHGA | ||
| 041 | 0 | _arus | |
| 100 | 1 | _aДубровский, Виктор Викторович | |
| 245 | 1 | 0 |
_aИзыскания подземных вод для водоснабжения энергетических объектов : _bМетодическое пособие / _cВ.В. Дубровский. |
| 260 |
_aМосква : _aЛенинград : _bЭнергоиздат, _c1962. |
||
| 300 | _a175 с. | ||
| 504 | _aБиблиогр. с. 164-169 | ||
| 653 | 0 | _aГидрология подземных вод. Геогидрология. Гидрогеология | |
| 942 |
_2udc _cBK |
||
| 001 | 1825372 | ||
| 090 | _c532568 | ||
| 999 |
_c525361 _d525361 |
||